000 00448pab a2200157 454500
008 180718b2012 xxu||||| |||| 00| 0 eng d
100 _aStraussman, Jeffrey D.
245 _aLegislative participation in budgetary systems: Is there evidnce of convergence?
260 _c2012
300 _ap.667-676.
362 _aAug
650 _aBudgetary control
773 _aInternational Journal of Public Administration
908 _aN
909 _a98072
999 _c98071
_d98071